Estatísticas para Países mais próximos para cado estado brasileiro

Clique aqui para jogar o quiz

Estatísticas Gerais

  • Esse quiz foi jogado 76 vezes
  • A pontuação média é 17 de 27

Respostas no mapa

Respostas codificadas por cores de uma escala verde-vermelha no mapa do quiz de acordo com a % correta abaixo.
Carregando ...
 

Estatísticas das Respostas

EstadoPaís% Correto
AcrePeru / Bolívia
100%
AmazonasColômbia / Venezuela / Peru
87%
AmapáGuiana Francesa / Suriname
87%
AlagoasGuiana Francesa
71%
Mato Grosso do SulParaguai / Bolívia
70%
Mato GrossoBolívia
68%
ParanáArgentina / Paraguai
65%
Distrito FederalBolívia
65%
GoiásBolívia
63%
ParáGuiana / Suriname
63%
Rio Grande do SulUruguai / Argentina
63%
Minas GeraisParaguai
62%
Santa CatarinaArgentina
60%
RondôniaBolívia
60%
BahiaBolívia
59%
RoraimaVenezuela / Guiana
59%
MaranhãoGuiana Francesa
57%
CearáGuiana Francesa
56%
São PauloParaguai
56%
PiauíGuiana Francesa
54%
Espírito SantoParaguai
54%
ParaíbaGuiana Francesa
52%
PernambucoGuiana Francesa
52%
Rio Grande do NorteGuiana Francesa
51%
TocantinsBolívia
49%
Rio de JaneiroArgentina
48%
SergipeGuiana Francesa
46%

Distribuição das Pontuações

Percentil de Números Respondidos

Porcentagem de Pessoas com Cada Pontuação

Sua Pontuação Histórica

Você não jogou esse quiz